BUBT Library Online Catalog

Issues in depreciation & investment policy (Record no. 47)

000 -LEADER
fixed length control field 00554nam a22002057a 4500
003 - CONTROL NUMBER IDENTIFIER
control field BUBTL
008 - FIXED-LENGTH DATA ELEMENTS--GENERAL INFORMATION
fixed length control field 140129b xxu||||| |||| 00| 0 eng d
020 ## - INTERNATIONAL STANDARD BOOK NUMBER
International Standard Book Number 984-410-232-4
082 ## - DEWEY DECIMAL CLASSIFICATION NUMBER
Classification number 332.621
Item number SIF
100 ## - MAIN ENTRY--PERSONAL NAME
9 (RLIN) 59
Personal name Siddiq, Safiq A.
245 ## - TITLE STATEMENT
Title Issues in depreciation & investment policy
Statement of responsibility, etc. by Safiq A. Siddiq & Humayan
250 ## - EDITION STATEMENT
Edition statement 1st
260 ## - PUBLICATION, DISTRIBUTION, ETC. (IMPRINT)
Place of publication, distribution, etc. Dhaka,
Name of publisher, distributor, etc. Mowla Brothers,
Date of publication, distribution, etc. c2001.
300 ## - PHYSICAL DESCRIPTION
Extent 100p
500 ## - GENERAL NOTE
General note Includes Index .
650 #0 - SUBJECT ADDED ENTRY--TOPICAL TERM
9 (RLIN) 18
Topical term or geographic name as entry element Finance
856 ## - ELECTRONIC LOCATION AND ACCESS
Password 0
Logon 0
Link text Download
942 ## - ADDED ENTRY ELEMENTS (KOHA)
Source of classification or shelving scheme
Koha item type Books
Holdings
Withdrawn status Lost status Source of classification or shelving scheme Damaged status Not for loan Permanent location Current location Date acquired Inventory number Total Checkouts Date last seen Price effective from Collection code Shelving location Full call number Barcode Copy number Koha item type
          Bangladesh University of Business and Technology Library Bangladesh University of Business and Technology Library 01/29/2014 47   01/29/2014 01/29/2014            
          Bangladesh University of Business and Technology Library Bangladesh University of Business and Technology Library 01/29/2014 48   01/29/2014 01/29/2014 Non-fiction Finance Stacks 332.621 SIF BUBTL-200348 C-2 Books
          Bangladesh University of Business and Technology Library Bangladesh University of Business and Technology Library 01/29/2014 49   01/29/2014 01/29/2014 Non-fiction Finance Stacks 332.621 SIF BUBTL-200349 C-3 Books
          Bangladesh University of Business and Technology Library Bangladesh University of Business and Technology Library 01/29/2014 50   01/29/2014 01/29/2014 Non-fiction Finance Stacks 332.621 SIF BUBTL-200350 C-4 Books
          Bangladesh University of Business and Technology Library Bangladesh University of Business and Technology Library 01/29/2014 51   01/29/2014 01/29/2014 Non-fiction Finance Stacks 332.621 SIF BUBTL-200351 C-5 Books

More Information About Library

Library Hours

  • Open: 9.00 am. to 9.00 pm.
  • Only Sunday: 9.00 am. to 6.00 pm.
  • Closed: Holiday

Contact to the University

Bangladesh University of Business and Technology Library

  • Mirpurl-2, 1216.
  • Phone:
  • Fax:
  • E-Mail: admin.library@bubt.edu.bd

Contact to the Library

Contact Person:

Md. Abdul Hakim Shah
Joint Librarian
PABX No:  113
Cell No: 01816332931
E-mail: official: admin.library@bubt.edu.bd
Personal: hakim.shah@bubt.edu.bd


BUBT Library

Copyright © 2021